Timber processing standard to S2S-S4S, បទដ្ឋានផលិតឈើ S២S-S៤S (Record no. 3113)

000 -LEADER
fixed length control field 00449nam a22001577a 4500
003 - CONTROL NUMBER IDENTIFIER
control field OSt
005 - DATE AND TIME OF LATEST TRANSACTION
control field 20151104140355.0
008 - FIXED-LENGTH DATA ELEMENTS--GENERAL INFORMATION
fixed length control field 151104b xxu||||| |||| 00| 0 eng d
040 ## - CATALOGING SOURCE
Transcribing agency RUA
082 ## - DEWEY DECIMAL CLASSIFICATION NUMBER
Classification number FOR VAN 1996 B123 Or.1
100 ## - MAIN ENTRY--PERSONAL NAME
9 (RLIN) 3337
Personal name VAN, SAVUTH.
245 ## - TITLE STATEMENT
Title Timber processing standard to S2S-S4S, បទដ្ឋានផលិតឈើ S២S-S៤S
260 ## - PUBLICATION, DISTRIBUTION, ETC. (IMPRINT)
Place of publication, distribution, etc. Phnom Penh
Name of publisher, distributor, etc. RUA
Date of publication, distribution, etc. 1996
300 ## - PHYSICAL DESCRIPTION
Extent 64p.
Other physical details ill.
Dimensions 29cm.
942 ## - ADDED ENTRY ELEMENTS (KOHA)
Source of classification or shelving scheme
Koha item type FOR
Holdings
Price effective from Date last seen Permanent Location Not for loan Date acquired Source of classification or shelving scheme Koha item type Barcode Lost status Damaged status Shelving location Withdrawn status Current Location Full call number
2015-11-042015-11-04Library Block B 2015-11-04 FORRUA028446  B123 Library Block BFOR VAN 1996 B123 Or.1
2015-11-042015-11-04Library Block B 2015-11-04 FORRUA028302  B123 Library Block BFOR VAN 1996 B123 Or.2
2015-11-042015-11-04Library Block B 2015-11-04 FORRUA028306  B123 Library Block BFOR VAN 1996 B123 Or.3
2015-11-042015-11-04Library Block B 2015-11-04 FORRUA028378  B123 Library Block BFOR VAN 1996 B123 Or.4
មជ្ឈមណ្ឌលឯការនៃសាកលវិទ្យាល័យភូមិន្ទកសិកម្មចំការដូង

Powered by Koha